<?xml version="1.0" encoding="UTF-8"?><?xml-stylesheet type="text/xsl" href="static/style.xsl"?><OAI-PMH xmlns="http://www.openarchives.org/OAI/2.0/" xmlns:xsi="http://www.w3.org/2001/XMLSchema-instance" xsi:schemaLocation="http://www.openarchives.org/OAI/2.0/ http://www.openarchives.org/OAI/2.0/OAI-PMH.xsd"><responseDate>2026-06-03T19:57:50Z</responseDate><request verb="GetRecord" identifier="oai:riuma.uma.es:10630/21059" metadataPrefix="marc">https://riuma.uma.es/rest/oai/request</request><GetRecord><record><header><identifier>oai:riuma.uma.es:10630/21059</identifier><datestamp>2026-02-03T12:54:17Z</datestamp><setSpec>com_10630_19559</setSpec><setSpec>com_10630_3139</setSpec><setSpec>com_10630_10</setSpec><setSpec>col_10630_21006</setSpec></header><metadata><record xmlns="http://www.loc.gov/MARC21/slim" xmlns:dcterms="http://purl.org/dc/terms/" xmlns:doc="http://www.lyncode.com/xoai" xmlns:xsi="http://www.w3.org/2001/XMLSchema-instance" xsi:schemaLocation="http://www.loc.gov/MARC21/slim http://www.loc.gov/standards/marcxml/schema/MARC21slim.xsd">
   <leader>00925njm 22002777a 4500</leader>
   <datafield ind2=" " ind1=" " tag="042">
      <subfield code="a">dc</subfield>
   </datafield>
   <datafield ind2=" " ind1=" " tag="720">
      <subfield code="a">Caparrós-Martín, Ester</subfield>
      <subfield code="e">author</subfield>
   </datafield>
   <datafield ind2=" " ind1=" " tag="720">
      <subfield code="a">García-García, Mayka</subfield>
      <subfield code="e">author</subfield>
   </datafield>
   <datafield ind2=" " ind1=" " tag="720">
      <subfield code="a">Sierra-Nieto, José Eduardo</subfield>
      <subfield code="e">author</subfield>
   </datafield>
   <datafield ind2=" " ind1=" " tag="260">
      <subfield code="c">2021</subfield>
   </datafield>
   <datafield ind2=" " ind1=" " tag="520">
      <subfield code="a">Ángeles Parrilla Latas es Catedrática de Didáctica y Organización Escolar en la Universidad de Vigo (España). Se trata de unas de las referentes actuales de la educación inclusiva en el panorama estatal y europeo. En la entrevista para Márgenes, Ángeles nos va acercando -desde su recorrido y experiencia personal, académica y profesional- a una noción de educación inclusiva que se va construyendo bajo la idea de proceso. Asimismo, desde su dimensión investigadora nos abre un abanico de intereses que, bajo el denominador común de la práctica docente en los centros educativos, le han ayudado a conformar un pensamiento en torno a la inclusión que hoy nos inspira a muchas, y que tiene que ver con su enfoque como un proyecto de naturaleza comunitaria.</subfield>
   </datafield>
   <datafield ind1="8" ind2=" " tag="024">
      <subfield code="a">Caparrós, E., García, M. y Sierra, J. E. (2021). Educación inclusiva hoy: sentido y sensibilidades. Entrevista a Ángeles Parrilla. Márgenes, Revista de Educación de la Universidad de Málaga, 1 (2), 226-230</subfield>
   </datafield>
   <datafield ind1="8" ind2=" " tag="024">
      <subfield code="a">https://hdl.handle.net/10630/21059</subfield>
   </datafield>
   <datafield ind1="8" ind2=" " tag="024">
      <subfield code="a">https://doi.org/10.24310/mgnmar.v2i1.11696</subfield>
   </datafield>
   <datafield tag="653" ind2=" " ind1=" ">
      <subfield code="a">Educación inclusiva</subfield>
   </datafield>
   <datafield tag="653" ind2=" " ind1=" ">
      <subfield code="a">Profesores - Formación profesional</subfield>
   </datafield>
   <datafield ind2="0" ind1="0" tag="245">
      <subfield code="a">Educación inclusiva hoy: sentido y sensibilidades. Entrevista a Ángeles Parrilla</subfield>
   </datafield>
</record>
</metadata></record></GetRecord></OAI-PMH>